Setting frameworks : (Record no. 305472)
[ view plain ]
| 000 -LEADER | |
|---|---|
| fixed length control field | 00564nam a2200205Ia 4500 |
| 008 - FIXED-LENGTH DATA ELEMENTS--GENERAL INFORMATION | |
| fixed length control field | 170203s9999 xx 000 0 und d |
| 020 ## - INTERNATIONAL STANDARD BOOK NUMBER | |
| International Standard Book Number | 9712716996 |
| 050 ## - LIBRARY OF CONGRESS CALL NUMBER | |
| Classification number | 685 |
| 050 ## - LIBRARY OF CONGRESS CALL NUMBER | |
| Item number | .C955s 2005 |
| 100 ## - MAIN ENTRY--PERSONAL NAME | |
| Personal name | Cruz, Elfren S. |
| 245 ## - TITLE STATEMENT | |
| Title | Setting frameworks : |
| 245 ## - TITLE STATEMENT | |
| Remainder of title | family business and strategic management / |
| 245 ## - TITLE STATEMENT | |
| Statement of responsibility, etc | Efren Sicangco Cruz. |
| 260 ## - PUBLICATION, DISTRIBUTION, ETC. (IMPRINT) | |
| Place of publication, distribution, etc | Pasig City : |
| 260 ## - PUBLICATION, DISTRIBUTION, ETC. (IMPRINT) | |
| Name of publisher, distributor, etc | Anvil, |
| 260 ## - PUBLICATION, DISTRIBUTION, ETC. (IMPRINT) | |
| Date of publication, distribution, etc | 2005 |
| 300 ## - PHYSICAL DESCRIPTION | |
| Extent | xiv, 217 pages ; |
| 300 ## - PHYSICAL DESCRIPTION | |
| Dimensions | 23 cm. |
| 650 ## - SUBJECT ADDED ENTRY--TOPICAL TERM | |
| Topical term or geographic name as entry element | Family-owned business enterprises -- Management -- Philippines. |
| Withdrawn status | Lost status | Damaged status | Home library | Current library | Shelving location | Date acquired | Total Checkouts | Full call number | Barcode | Date last seen | Price effective from | Koha item type |
|---|---|---|---|---|---|---|---|---|---|---|---|---|
| Stonyhurst Southville International School (Batangas) | Stonyhurst Southville International School (Batangas) | 02/03/2017 | 658 .C955s 2005 | US-1258 | 02/03/2017 | 02/03/2017 | Books |